000
00263nam a22001097a 4500
041
_a
ENG
245
_a
Gre Gerenarl Test No 5
260
_a
Delhi
_b
Educational Teshis Servies
_c
1987
300
_a
158
650
_a
Competitive Exam
856
_u
Competitive Exam ( 35 )
999
_c
986
_d
986